Non-timber forest product, អនុផលព្រៃឈើ (Record no. 9324)

000 -LEADER
fixed length control field 00317nam a22001217a 4500
040 ## - CATALOGING SOURCE
Transcribing agency SY
082 ## - DEWEY DECIMAL CLASSIFICATION NUMBER
Classification number 381
100 ## - MAIN ENTRY--AUTHOR NAME
Personal name SENG EANG SAMRAING; សេងអៀង​ សំរាំង
245 ## - TITLE STATEMENT
Title Non-timber forest product, អនុផលព្រៃឈើ
260 ## - PUBLICATION, DISTRIBUTION, ETC. (IMPRINT)
Place of publication RUA
Name of publisher SEN
Year of publication 2011
300 ## - PHYSICAL DESCRIPTION
Number of Pages 44p.
942 ## - ADDED ENTRY ELEMENTS (KOHA)
Koha item type សៀវភៅភាសាខ្មែរ
952 ## - LOCATION AND ITEM INFORMATION (KOHA)
Withdrawn status [LOCAL, KOHA] 0
Holdings
Permanent Location Date acquired Koha item type Lost status Shelving location Barcode Current Location Full call number
Library Block C2016-08-31សៀវភៅភាសាខ្មែរ C193RUA41653Library Block C381 SAN 2011 C193
មជ្ឈមណ្ឌលឯការនៃសាកលវិទ្យាល័យភូមិន្ទកសិកម្មចំការដូង

Powered by Koha